| 000 | 00468nam a22001697a 4500 | ||
|---|---|---|---|
| 999 |
_c526561 _d526561 |
||
| 003 | NUST | ||
| 020 | _qH/B | ||
| 038 | _awaseem | ||
| 082 |
_a320.92 _bZAI |
||
| 100 |
_aZaidi, Sabira _917575 |
||
| 245 |
_aAqwam-e-Mashriq Ki Tareek-e-Azadi / _cSabira Zaidi |
||
| 260 |
_aLahore : _bFiction House, _c2011. |
||
| 300 | _a391 p. ; | ||
| 880 |
_6100-01\r _aصابرہ زیدی |
||
| 880 |
_6245-02\r _aاقوام مشرق کی تحریکِ آزادی / |
||
| 942 |
_2ddc _cBK |
||